[Event "Lenk op 22nd"]
[Site "Lenk"]
[Date "2010.04.02"]
[Round "2"]
[White "Kurmann, Oliver"]
[Black "Grillon, Alexandre"]
[Result "1-0"]
[WhiteElo "2432"]
[BlackElo "2096"]
[PlyCount "55"]
[EventDate "2010.04.01"]
[EventType "swiss"]
[EventRounds "7"]
[EventCountry "SUI"]
[SourceTitle "CBM 135 Extra"]
[Source "ChessBase"]
[SourceDate "2010.05.04"]
[SourceVersion "1"]
[SourceVersionDate "2010.05.04"]
[SourceQuality "1"]

1. e4 c5 2. Nf3 d6 3. d4 cxd4 4. Nxd4 Nf6 5. Nc3 a6 6. Be3 e6 7. g4 b5 8. g5 Nfd7 9. a3 Bb7 10. h4 Nc6 11. h5 Nxd4 12. Qxd4 Ne5 13. Be2 Rc8 14. 0-0-0 Nc4 15. Bxc4 Rxc4 16. Qd3 Be7 17. Rhg1 0-0 18. f4 Qa5 19. Bd2 Rfc8 20. Kb1 Qb6 21. f5 a5 22. f6 Bf8 23. g6 fxg6 24. hxg6 h6 25. Bxh6 gxh6 26. g7 Be7 27. fxe7 R4c7 28. Qh3 1-0

[Event "Biel Hanowa Generations"]
[Site "Biel"]
[Date "2009.07.30"]
[Round "10"]
[White "Sinkovics, Peter"]
[Black "Grillon, Alexandre"]
[Result "1-0"]
[WhiteElo "2331"]
[BlackElo "2089"]
[PlyCount "103"]
[EventDate "2009.07.20"]
[EventType "schev"]
[EventRounds "10"]
[EventCountry "SUI"]
[SourceTitle "CBM 131 Extra"]
[Source "ChessBase"]
[SourceDate "2009.09.03"]
[SourceVersion "2"]
[SourceVersionDate "2009.09.16"]
[SourceQuality "1"]

1. d4 Nf6 2. Nf3 g6 3. c4 Bg7 4. Nc3 0-0 5. e4 d6 6. Be2 e5 7. 0-0 Nc6 8. d5 Ne7 9. Ne1 Nd7 10. Be3 f5 11. f3 f4 12. Bf2 g5 13. Nd3 Rf6 14. c5 Rh6 15. cxd6 cxd6 16. Nb5 a6 17. Na7 Rxa7 18. Bxa7 b6 19. Rc1 Qe8 20. Nf2 Rg6 21. a4 h5 22. b4 Bh6 23. Rc3 Nf6 24. h3 Bd7 25. a5 b5 26. Bb6 Kh8 27. Qc2 Qg8 28. Rc7 Bf8 29. Rxd7 Nxd7 30. Qc7 Nf6 31. Qb7 g4 32. fxg4 hxg4 33. Bxg4 Rg7 34. Qxa6 Ng6 35. Be6 Qh7 36. Qc8 Qh4 37. Rc1 f3 38. Bg4 Rg8 39. Bxf3 Qf4 40. Nd3 Qg5 41. Qc2 Nf4 42. Nxf4 Qxf4 43. Kh1 Bh6 44. Re1 Nh5 45. Bxh5 Qh4 46. Qe2 Rg3 47. Bg1 Bf4 48. a6 Ra3 49. a7 Qg3 50. Qf2 Qg5 51. Bg4 Bg3 52. Qxg3 1-0

[Event "Biel Hanowa Generations"]
[Site "Biel"]
[Date "2009.07.22"]
[Round "3"]
[White "Grillon, Alexandre"]
[Black "Illijin, Neboisa"]
[Result "0-1"]
[WhiteElo "2089"]
[BlackElo "2246"]
[PlyCount "52"]
[EventDate "2009.07.20"]
[EventType "schev"]
[EventRounds "10"]
[EventCountry "SUI"]
[SourceTitle "CBM 131 Extra"]
[Source "ChessBase"]
[SourceDate "2009.09.03"]
[SourceVersion "2"]
[SourceVersionDate "2009.09.16"]
[SourceQuality "1"]

1. e4 c5 2. Nf3 e6 3. d3 Nc6 4. g3 g6 5. Bg2 Bg7 6. c3 Nge7 7. 0-0 0-0 8. Qe2 d5 9. e5 b6 10. h4 Qc7 11. Bf4 Bb7 12. Re1 b5 13. Na3 Qa5 14. Nc2 b4 15. Qd2 bxc3 16. bxc3 Ba6 17. Bh6 Rab8 18. Bxg7 Kxg7 19. Rab1 h6 20. Ne3 Rxb1 21. Rxb1 d4 22. Ng4 Nf5 23. Rb3 dxc3 24. Qxc3 Qxc3 25. Rxc3 Ncd4 26. Nf6 Ne2+ 0-1

[Event "Biel Hanowa Generations"]
[Site "Biel"]
[Date "2009.07.20"]
[Round "1"]
[White "Grillon, Alexandre"]
[Black "Giffard, Nicolas"]
[Result "1/2-1/2"]
[WhiteElo "2089"]
[BlackElo "2357"]
[PlyCount "144"]
[EventDate "2009.07.20"]
[EventType "schev"]
[EventRounds "10"]
[EventCountry "SUI"]
[SourceTitle "CBM 131 Extra"]
[Source "ChessBase"]
[SourceDate "2009.09.03"]
[SourceVersion "2"]
[SourceVersionDate "2009.09.16"]
[SourceQuality "1"]

1. e4 c5 2. Nc3 e6 3. Nf3 a6 4. g3 b5 5. Bg2 Bb7 6. 0-0 b4 7. Ne2 Bxe4 8. d4 Nf6 9. Re1 Bb7 10. Nf4 cxd4 11. Nxd4 Bxg2 12. Kxg2 Qc8 13. g4 Qb7+ 14. Kg1 h6 15. Nf5 a5 16. a3 Ra6 17. Nd3 g6 18. Ne3 bxa3 19. bxa3 d5 20. Bb2 Nbd7 21. Rb1 Rb6 22. c4 Bg7 23. c5 Rxb2 24. Rxb2 Qc6 25. Qb3 0-0 26. Qb7 Rc8 27. Qxc6 Rxc6 28. Rb5 a4 29. f3 Bf8 30. Rc1 e5 31. Kf1 e4 32. Nb4 Rxc5 33. Rcxc5 Nxc5 34. Nbxd5 Nxd5 35. Nxd5 exf3 36. Nb4 Ne4 37. Ra5 f2 38. Nd3 Bxa3 39. Rxa4 Nd2+ 40. Kxf2 Bd6 41. h3 Nb3 42. Ke3 Kg7 43. Rc4 Na5 44. Ra4 Nb3 45. Rc4 Na5 46. Rc3 Nb7 47. Ke4 Nd8 48. Kd5 Bh2 49. Nc5 Bg1 50. Rg3 Bf2 51. Rf3 Bh4 52. Kd6 h5 53. Kd7 hxg4 54. hxg4 f5 55. gxf5 gxf5 56. Rxf5 Nf7 57. Nd3 Bg5 58. Nf4 Bxf4 59. Rxf4 Kg6 60. Ke7 Ng5 61. Rf1 Kg7 62. Kd6 Kg6 63. Kd5 Nf7 64. Ke4 Ng5+ 65. Kf4 Kf6 66. Kg4+ Kg6 67. Re1 Kf6 68. Rf1+ Kg6 69. Ra1 Kf6 70. Ra6+ Ne6 71. Rb6 Ke5 72. Rxe6+ Kxe6 1/2-1/2

[Event "SUI-ch"]
[Site "Graechen"]
[Date "2009.07.09"]
[Round "1"]
[White "Kortschnoj, Viktor Lvovich"]
[Black "Grillon, Alexandre"]
[Result "1-0"]
[WhiteElo "2561"]
[BlackElo "2089"]
[PlyCount "97"]
[EventDate "2009.07.09"]
[EventType "swiss"]
[EventRounds "9"]
[EventCountry "SUI"]
[SourceTitle "CBM 131 Extra"]
[Source "ChessBase"]
[SourceDate "2009.09.03"]
[SourceVersion "2"]
[SourceVersionDate "2009.09.16"]
[SourceQuality "1"]

1. d4 c5 2. d5 e5 3. e4 d6 4. Bd3 Be7 5. Nf3 Bg4 6. h3 Bxf3 7. Qxf3 Bg5 8. Nd2 a6 9. h4 Bf4 10. g3 Bh6 11. a4 b6 12. Ke2 Ne7 13. Kd1 Ra7 14. c3 Qc7 15. Qe2 0-0 16. Kc2 Qb7 17. f4 exf4 18. g4 g6 19. Nc4 b5 20. axb5 axb5 21. Nxd6 Qb6 22. Rxa7 Qxa7 23. Nxb5 Qa4+ 24. Kb1 Nd7 25. Qd1 Qa5 26. c4 Ra8 27. Qb3 f3 28. g5 Bg7 29. Kc2 Qa1 30. Rf1 Ne5 31. Be3 Qa2 32. Qxa2 Rxa2 33. Nc3 Ra5 34. Bd2 Nc8 35. Nb5 Ra4 36. Bc3 Nb6 37. Bxe5 Bxe5 38. Nc3 Rb4 39. b3 Nd7 40. Rxf3 Rb6 41. Bf1 Ra6 42. Bh3 Nb6 43. Rd3 Kf8 44. d6 Ra8 45. Nd5 Ra2+ 46. Kd1 Ra1+ 47. Ke2 Ra2+ 48. Kf3 Rh2 49. Bc8 1-0

[Event "Lenk op 21st"]
[Site "Lenk"]
[Date "2009.04.12"]
[Round "6"]
[White "Gaehwiler, Gabriel"]
[Black "Grillon, Alexandre"]
[Result "1-0"]
[WhiteElo "2226"]
[BlackElo "2114"]
[PlyCount "65"]
[EventDate "2009.04.09"]
[EventType "swiss"]
[EventRounds "7"]
[EventCountry "SUI"]
[SourceTitle "CBM 130 Extra"]
[Source "ChessBase"]
[SourceDate "2009.07.02"]
[SourceVersion "2"]
[SourceVersionDate "2009.07.15"]
[SourceQuality "1"]

1. e4 c5 2. Nf3 d6 3. d4 cxd4 4. Nxd4 Nf6 5. Nc3 a6 6. Be3 e6 7. Be2 Be7 8. 0-0 0-0 9. f4 Qc7 10. g4 Nc6 11. g5 Nd7 12. f5 Nxd4 13. Qxd4 Qc5 14. Qd3 Qc6 15. f6 Ne5 16. fxe7 Nxd3 17. exf8Q+ Kxf8 18. cxd3 b5 19. Rac1 Qb7 20. e5 d5 21. Bh5 g6 22. Bc5+ Kg8 23. Bg4 Bd7 24. Rf6 Rc8 25. b4 Rc6 26. Rcf1 Bc8 27. d4 Rc7 28. h4 h5 29. gxh6 Kh7 30. h5 Kxh6 31. hxg6 fxg6 32. Be2 Kh7 33. Bd3 1-0

[Event "World ol U16 07th"]
[Site "Mersin"]
[Date "2008.08.19"]
[Round "4"]
[White "Grillon, Alexandre"]
[Black "Straka, Jozef1111"]
[Result "1-0"]
[WhiteElo "2042"]
[BlackElo "2122"]
[PlyCount "54"]
[EventDate "2008.08.17"]
[EventType "team-swiss"]
[EventRounds "10"]
[EventCountry "TUR"]
[SourceTitle "CBM 126 Extra"]
[Source "ChessBase"]
[SourceDate "2008.11.05"]
[SourceVersion "1"]
[SourceVersionDate "2008.11.05"]
[SourceQuality "1"]

1. e4 c5 2. Nf3 d6 3. d4 cxd4 4. Nxd4 Nf6 5. Nc3 a6 6. Be3 e6 7. Be2 Be7 8. g4 Nc6 9. g5 Nd7 10. h4 Qc7 11. Qd2 b5 12. a3 Bb7 13. Nxc6 Qxc6 14. 0-0-0 Rc8 15. Kb1 Nc5 16. f3 Na4 17. Bd4 Rg8 18. Rc1 Bd8 19. Rhd1 a5 20. Nd5 Qxd5 21. Qc3 Ke7 22. Bd3 Qf5 23. Bxg7 Qxf3 24. Qd4 Bxe4 25. Bf6+ Ke8 26. Qxa4 Bxd3 27. Rxd3 Qd5 1-0

[Event "World ol U16 07th"]
[Site "Mersin"]
[Date "2008.08.18"]
[Round "3"]
[White "Grillon, Alexandre"]
[Black "Hasenohr, Benedict"]
[Result "0-1"]
[WhiteElo "2042"]
[BlackElo "2021"]
[PlyCount "124"]
[EventDate "2008.08.17"]
[EventType "team-swiss"]
[EventRounds "10"]
[EventCountry "TUR"]
[SourceTitle "CBM 126 Extra"]
[Source "ChessBase"]
[SourceDate "2008.11.05"]
[SourceVersion "1"]
[SourceVersionDate "2008.11.05"]
[SourceQuality "1"]

1. e4 e6 2. d4 d5 3. e5 c5 4. c3 Qb6 5. Nf3 Bd7 6. a3 Bb5 7. b4 cxd4 8. Bxb5+ Qxb5 9. cxd4 a5 10. Nc3 Qc6 11. Bb2 axb4 12. axb4 Rxa1 13. Qxa1 Bxb4 14. 0-0 Ne7 15. Rc1 Qa6 16. Na2 Ba5 17. Ba3 Nbc6 18. Qb1 0-0 19. Ng5 g6 20. Nc3 Re8 21. Nf3 Nf5 22. Nb5 Na7 23. Nxa7 Qxa7 24. Bc5 b6 25. Ba3 Qd7 26. g4 Ne7 27. Qd3 Nc6 28. Qe3 Kg7 29. Rb1 Ne7 30. h4 Rc8 31. Qf4 Ng8 32. h5 b5 33. Bc1 Bd8 34. h6+ Kh8 35. Ba3 Qe8 36. Kg2 Rb8 37. Ng5 Nxh6 38. Rh1 Bxg5 39. Qxg5 Ng8 40. Bc1 Qf8 41. Qh4 h6 42. f4 b4 43. f5 b3 44. Bb2 Rc8 45. Rc1 Rc4 46. f6 Qa8 47. Qf2 Qc6 48. Qd2 Kh7 49. Kf3 Rc2 50. Rxc2 Qxc2 51. Qxc2 bxc2 52. Ke3 g5 53. Kd2 Kg6 54. Kxc2 h5 55. gxh5+ Kxh5 56. Bc1 Nh6 57. Kb3 Nf5 58. Kc3 g4 59. Kd3 g3 60. Ke2 Nxd4+ 61. Kf1 Kg4 62. Bd2 Kf3 0-1

[Event "World ol U16 07th"]
[Site "Mersin"]
[Date "2008.08.18"]
[Round "2"]
[White "Kanmazalp, Ogulcan"]
[Black "Grillon, Alexandre"]
[Result "1-0"]
[WhiteElo "2281"]
[BlackElo "2042"]
[PlyCount "43"]
[EventDate "2008.08.17"]
[EventType "team-swiss"]
[EventRounds "10"]
[EventCountry "TUR"]
[SourceTitle "CBM 126 Extra"]
[Source "ChessBase"]
[SourceDate "2008.11.05"]
[SourceVersion "1"]
[SourceVersionDate "2008.11.05"]
[SourceQuality "1"]

1. e4 c5 2. Nf3 d6 3. d4 cxd4 4. Nxd4 Nf6 5. Nc3 a6 6. Bc4 b5 7. Bb3 e6 8. Bg5 Be7 9. Qf3 Qb6 10. 0-0-0 b4 11. Na4 Qc7 12. e5 Bb7 13. exd6 Bxd6 14. Qh3 Bf4+ 15. Bxf4 Qxf4+ 16. Kb1 Qg4 17. Qe3 Qe4 18. Qd2 0-0 19. Nc5 Qxg2 20. Rhg1 Ne4 21. Qxb4 Qxh2 22. Qxb7 1-0

[Event "SUI-ch op"]
[Site "Samnaun"]
[Date "2008.07.11"]
[Round "2"]
[White "Grillon, Alexandre"]
[Black "Seps, Monika"]
[Result "0-1"]
[WhiteElo "2042"]
[BlackElo "2224"]
[PlyCount "80"]
[EventDate "2008.07.08"]
[EventType "tourn"]
[EventRounds "9"]
[EventCountry "SUI"]
[SourceTitle "CBM 125 Extra"]
[Source "ChessBase"]
[SourceDate "2008.09.01"]
[SourceVersion "1"]
[SourceVersionDate "2008.09.01"]
[SourceQuality "1"]

1. e4 c5 2. Nc3 d6 3. g3 g6 4. Bg2 Bg7 5. d3 Nc6 6. f4 e6 7. Nf3 Nge7 8. 0-0 0-0 9. Be3 Rb8 10. d4 cxd4 11. Nxd4 Qb6 12. Nce2 Qxb2 13. Qd3 Qb4 14. c3 Qa5 15. Nb5 d5 16. e5 Bd7 17. Rfb1 a6 18. Nbd4 Nxd4 19. Nxd4 Rfc8 20. Rb3 b5 21. Rb4 Rc4 22. Qd2 Rbc8 23. Nb3 Qc7 24. Rxc4 Qxc4 25. Rc1 Nf5 26. Bf1 Qc7 27. Bf2 h5 28. Nc5 Qc6 29. Nxd7 Qxd7 30. h3 Qd8 31. Bd3 Bf8 32. Bxf5 exf5 33. Rc2 Rc4 34. Bd4 Qc8 35. Kf1 Bc5 36. Bxc5 Qxc5 37. Ke2 Qg1 38. Qd3 Re4+ 39. Kf3 Re1 40. Qxd5 Re3# 0-1

[Event "Lausanne op"]
[Site "Lausanne"]
[Date "2007.09.17"]
[Round "7"]
[White "Grillon, Alexandre"]
[Black "Wyss, Jonas"]
[Result "0-1"]
[WhiteElo "2006"]
[BlackElo "2162"]
[PlyCount "52"]
[EventDate "2007.09.14"]
[EventType "swiss"]
[EventRounds "7"]
[EventCountry "SUI"]
[SourceTitle "CBM 120 Extra"]
[Source "ChessBase"]
[SourceDate "2007.11.01"]
[SourceVersion "1"]
[SourceVersionDate "2007.11.01"]
[SourceQuality "1"]

1. e4 e6 2. d3 d5 3. Nd2 Nf6 4. Ngf3 dxe4 5. dxe4 Bc5 6. Bc4 e5 7. 0-0 Qe7 8. h3 Nc6 9. c3 a5 10. Qc2 h6 11. Rd1 g5 12. Bb5 g4 13. hxg4 Nxg4 14. Rf1 Bd7 15. Nc4 Rg8 16. Qe2 Qf6 17. Ne3 0-0-0 18. a3 Rg7 19. b4 Ba7 20. g3 h5 21. Ng2 Rdg8 22. Ngh4 Nxf2 23. Rxf2 Rxg3+ 24. Kf1 Qxh4 25. Ke1 Bxf2+ 26. Qxf2 Qh1+ 0-1

[Event "Martigny op"]
[Site "Martigny"]
[Date "2005.08.01"]
[Round "6"]
[White "Grillon, Alexandre"]
[Black "Sriram, Jha"]
[Result "1/2-1/2"]
[WhiteElo "1828"]
[BlackElo "2451"]
[PlyCount "50"]
[EventDate "2005.07.29"]
[EventType "swiss"]
[EventRounds "7"]
[EventCountry "SUI"]
[SourceTitle "CBM 107 Extra"]
[Source "ChessBase"]
[SourceDate "2005.09.01"]
[SourceVersion "1"]
[SourceVersionDate "2005.09.01"]
[SourceQuality "1"]

1. e4 c5 2. Nc3 Nc6 3. g3 g6 4. Bg2 Bg7 5. d3 d6 6. f4 e6 7. Nf3 Nge7 8. Be3 Nd4 9. 0-0 Nec6 10. e5 dxe5 11. fxe5 Nxe5 12. Nxe5 Bxe5 13. Ne4 f5 14. Nxc5 Qe7 15. c3 Nc6 16. d4 Bd6 17. Nd3 0-0 18. Bh6 Re8 19. Re1 Qf7 20. Qd2 Bd7 21. Re2 Qf6 22. Rae1 Bc7 23. h4 Bd6 24. Bf4 Bf8 25. Ne5 Nxe5 1/2-1/2